عرض عادي
عرض مارك
- Informal sector (Economics)
دخول Topical Term
001 - CONTROL NUMBER
- control field: 13250
003 - CONTROL NUMBER IDENTIFIER
- control field: AE-AdECS
005 - DATE AND TIME OF LATEST TRANSACTION
- control field: 20250312104433.0
008 - FIXED-LENGTH DATA ELEMENTS
- fixed length control field: 250312|| aca||aabn | a|a d
040 ## - CATALOGING SOURCE
- Original cataloging agency: AE-AdECS
- Transcribing agency: AE-AdECS
150 ## - HEADING--TOPICAL TERM
- Topical term or geographic name entry element: Informal sector (Economics)
- General subdivision: Law and legislation
- Geographic subdivision: South Africa
670 ## - SOURCE DATA FOUND
- Source citation: Work cat.: (AE-AdECS)289602: Yimer, Gebreyesus, author. 13248, The Nexus Between Legal Pluralism and Inclusive Finance :
